Majid's Husain's Geography of India/ (Record no. 212249)

MARC details
000 -LEADER
fixed length control field 00662nam a2200205 4500
005 - DATE AND TIME OF LATEST TRANSACTION
control field 20250708151626.0
010 ## - LCCN (DPL NO)
LC control number ENG-145810
020 ## - INTERNATIONAL STANDARD BOOK NUMBER
International Standard Book Number 9789364444910
Terms of availability 899.00
035 ## - SYSTEM CONTROL NUMBER
System control number EN-129342
037 ## - SOURCE OF ACQUISITION
Source of stock number/acquisition DBAD
082 ## - DEWEY DECIMAL CLASSIFICATION NUMBER
Classification number 913
Edition number 11
100 ## - MAIN ENTRY--PERSONAL NAME
Personal name Saxena, Pallavi
245 ## - TITLE STATEMENT
Title Majid's Husain's Geography of India/
Statement of responsibility, etc Pallavi Saxena
250 ## - EDITION STATEMENT
Edition statement 11
260 ## - PUBLICATION, DISTRIBUTION, ETC. (IMPRINT)
Place of publication, distribution, etc Tamil Nadu
Name of publisher, distributor, etc Mcgraw Hill Education Pvt Ltd
Date of publication, distribution, etc 2025
270 ## - ADDRESS
Address Anjana Complex No: 5/90 A, Butt Road, St Thomas Mount
City Tamil Nadu
Postal code 600016
300 ## - PHYSICAL DESCRIPTION
Extent xxvi, 886p.
Dimensions 27cm(pb)
500 ## - GENERAL NOTE
General note For Civil Services and State Services Examination
942 ## - ADDED ENTRY ELEMENTS (KOHA)
Source of classification or shelving scheme Dewey Decimal Classification
Item type English Books
Classification part 913
Call number suffix SAX
Holdings
Withdrawn status Lost status Not for loan Collection code Home library Current library Date acquired Source of acquisition Cost, normal purchase price Full call number Barcode Copy number Cost, replacement price Koha item type
      Non-fiction Sarojini Nagar Sarojini Nagar 08/07/2025 Delivery of Books Act Division 899.00 913 SAX EN-129342 1 899.00 English Books

© Delhi Public Library
Hit Counter
free hit counter